<?xml version="1.0" encoding="UTF-8"?>
<record
    xmlns:xsi="http://www.w3.org/2001/XMLSchema-instance"
    xsi:schemaLocation="http://www.loc.gov/MARC21/slim http://www.loc.gov/standards/marcxml/schema/MARC21slim.xsd"
    xmlns="http://www.loc.gov/MARC21/slim">

  <leader>00595nam a22001817a 4500</leader>
  <controlfield tag="003">OSt</controlfield>
  <controlfield tag="005">20140310182454.0</controlfield>
  <controlfield tag="008">130130t        xxu||||| |||| 00| 0 eng d</controlfield>
  <datafield tag="020" ind1=" " ind2=" ">
    <subfield code="a">9789715848558</subfield>
  </datafield>
  <datafield tag="050" ind1=" " ind2=" ">
    <subfield code="a">HF 5726 </subfield>
    <subfield code="b">.C339 2009</subfield>
  </datafield>
  <datafield tag="100" ind1=" " ind2=" ">
    <subfield code="a">Casinto, Carlo Domingo C.</subfield>
    <subfield code="9">8292</subfield>
  </datafield>
  <datafield tag="245" ind1=" " ind2=" ">
    <subfield code="a">Interactive writing in business correspondence and technical reports :</subfield>
    <subfield code="b">a communicative-process approach /</subfield>
    <subfield code="c">Carlo Domingo C. Casinto</subfield>
  </datafield>
  <datafield tag="260" ind1=" " ind2=" ">
    <subfield code="a">Manila, Philippines :</subfield>
    <subfield code="b">C &amp; E Publishing,</subfield>
    <subfield code="c">c2009.</subfield>
  </datafield>
  <datafield tag="300" ind1=" " ind2=" ">
    <subfield code="a">218 p. :</subfield>
    <subfield code="c">26 cm.</subfield>
    <subfield code="b">ill. ;</subfield>
  </datafield>
  <datafield tag="541" ind1=" " ind2=" ">
    <subfield code="j">1</subfield>
  </datafield>
  <datafield tag="562" ind1=" " ind2=" ">
    <subfield code="e">1</subfield>
  </datafield>
  <datafield tag="942" ind1=" " ind2=" ">
    <subfield code="2">lcc</subfield>
    <subfield code="c">SSLC</subfield>
  </datafield>
  <datafield tag="999" ind1=" " ind2=" ">
    <subfield code="c">13718</subfield>
    <subfield code="d">13718</subfield>
  </datafield>
  <datafield tag="952" ind1=" " ind2=" ">
    <subfield code="0">0</subfield>
    <subfield code="1">0</subfield>
    <subfield code="2">lcc</subfield>
    <subfield code="4">0</subfield>
    <subfield code="a">SSLC</subfield>
    <subfield code="b">SSLC</subfield>
    <subfield code="c">SSLC</subfield>
    <subfield code="d">2013-08-06</subfield>
    <subfield code="l">2</subfield>
    <subfield code="m">13</subfield>
    <subfield code="o">HF 5726  .C339 2009</subfield>
    <subfield code="p">SSLC0609</subfield>
    <subfield code="r">2018-11-21 00:00:00</subfield>
    <subfield code="s">2018-08-29</subfield>
    <subfield code="t">1</subfield>
    <subfield code="w">2013-08-06</subfield>
    <subfield code="y">BK</subfield>
  </datafield>
</record>
